|
|
|
|
| LEADER |
00624nab a2200181 i 4500 |
| 001 |
acta27226 |
| 005 |
20210223142918.0 |
| 008 |
161017s1985 hu o 0|| hun d |
| 022 |
|
|
|a 1219-0039
|
| 040 |
|
|
|a SZTE Egyetemi Kiadványok Repozitórium
|b hun
|
| 041 |
|
|
|a hun
|
| 100 |
1 |
|
|a Kis Ibolya
|
| 245 |
1 |
0 |
|a Könyvtárhasználat
|h [elektronikus dokumentum] :
|b lehetőség a permanens művelődésre /
|c Kis Ibolya
|
| 260 |
|
|
|c 1985
|
| 300 |
|
|
|a 123-127
|
| 490 |
0 |
|
|a Módszertani közlemények
|v 25 No. 2
|
| 695 |
|
|
|a Neveléstudomány
|
| 856 |
4 |
0 |
|u http://acta.bibl.u-szeged.hu/27226/1/modszertani_025_002_123-127.pdf
|z Dokumentum-elérés
|